00265nam a22000977a 4500008004100000020001800041100002400059245004100083260003500124300000800159240615b |||||||| |||| 00| 0 eng d a81-203-2058-1 aRamakant A Gayakwad aOP AMPS & Linear Integrated Circuits aNew DelhibPrentice Hallc2003 a542